000 00672nam a2200229 i 4500
001 92742
003 ES-MaACL
005 20250808062725.0
007 t|
008 050426s2005 sp ||||1| spa d
020 _a84-7914-761-X
080 _a232.931
100 1 _aPozo, Cándido.
_993534
245 1 0 _aMaría, nueva Eva /
_cCándido Pozo.
260 _aMadrid :
_bBiblioteca de Autores Cristianos,
_c2005.
300 _aXLIX, 445 p. ;
_c19 cm.
490 1 _aBiblioteca de autores cristianos ;
_v652
650 1 4 _aMariología.
_914794
830 0 0 _aBiblioteca de autores cristianos
_v652
_9178679
852 _aES-MaACL
_jJ-639
_bR.135825
999 _c92742
_d92742